[Event "Cattolica d'Estate op-A 2nd"]
[Site "Cattolica"]
[Date "2022.06.01"]
[Round "4"]
[White "Pellizzieri, Fabio Angelo"]
[Black "Piangerelli, Michele"]
[Result "1/2-1/2"]
[WhiteElo "1954"]
[BlackElo "2078"]
[PlyCount "24"]
[EventDate "2022.05.30"]
[EventType "swiss"]
[EventRounds "9"]
[EventCountry "ITA"]
[SourceTitle "EXT 2023"]
[Source "ChessBase"]
[SourceDate "2022.10.05"]
[SourceVersion "1"]
[SourceVersionDate "2022.10.05"]
[SourceQuality "1"]

1. e4 c5 2. Nc3 e6 3. Nge2 Nc6 4. g3 d5 5. exd5 exd5 6. d4 cxd4 7. Nxd4 Nf6 8. Bg2 Be7 9. 0-0 0-0 10. h3 Re8 11. Be3 Ne5 12. b3 Be6 1/2-1/2

[Event "Cattolica d'Estate op-A 2nd"]
[Site "Cattolica"]
[Date "2022.05.30"]
[Round "1"]
[White "Shahil, Dey"]
[Black "Pellizzieri, Fabio Angelo"]
[Result "1-0"]
[WhiteElo "2369"]
[BlackElo "1954"]
[PlyCount "67"]
[EventDate "2022.05.30"]
[EventType "swiss"]
[EventRounds "9"]
[EventCountry "ITA"]
[SourceTitle "EXT 2023"]
[Source "ChessBase"]
[SourceDate "2022.10.05"]
[SourceVersion "1"]
[SourceVersionDate "2022.10.05"]
[SourceQuality "1"]

1. e4 c5 2. Nf3 d6 3. d4 cxd4 4. Nxd4 Nf6 5. Nc3 a6 6. Bg5 e6 7. f4 Be7 8. Qf3 Qc7 9. 0-0-0 Nbd7 10. g4 b5 11. Bxf6 Bxf6 12. g5 Be7 13. f5 Nc5 14. Kb1 b4 15. Nce2 e5 16. f6 exd4 17. fxe7 Qxe7 18. Nxd4 Qxe4 19. Bb5+ axb5 20. Rhe1 Bb7 21. Rxe4+ Bxe4 22. Qf4 0-0 23. h4 Rfc8 24. Rd2 d5 25. h5 Ra6 26. Rf2 f6 27. Qg4 Rc7 28. gxf6 b3 29. axb3 Ra8 30. b4 Rca7 31. Kc1 Na4 32. f7+ Rxf7 33. Rxf7 Kxf7 34. Qd7+ 1-0

[Event "ITA-ch U16"]
[Site "Salsomaggiore Terme"]
[Date "2019.07.09"]
[Round "3"]
[White "Pellizzieri, Fabio Angelo"]
[Black "Carlo, Emanuele"]
[Result "1/2-1/2"]
[WhiteElo "1962"]
[BlackElo "2225"]
[PlyCount "155"]
[EventDate "2019.07.07"]
[EventType "swiss"]
[EventRounds "9"]
[EventCountry "ITA"]
[SourceTitle "EXT 2020"]
[Source "ChessBase"]
[SourceDate "2019.10.17"]
[SourceVersion "1"]
[SourceVersionDate "2019.10.17"]
[SourceQuality "1"]

1. e4 c5 2. Nf3 d6 3. d4 cxd4 4. Nxd4 Nf6 5. Nc3 a6 6. Be3 e5 7. Nb3 Be6 8. f3 h5 9. a4 Nbd7 10. a5 Be7 11. Be2 0-0 12. 0-0 Rc8 13. Nd5 Nxd5 14. exd5 Bf5 15. c4 Bg5 16. Qd2 Bxe3+ 17. Qxe3 Re8 18. Nd2 Qh4 19. Ne4 Bxe4 20. fxe4 Nf6 21. Rxf6 Qxf6 22. Rf1 Qe7 23. Bxh5 g6 24. Qh6 Qf8 25. Qg5 Qg7 26. Be2 Rcd8 27. b4 Rf8 28. Rf6 Kh7 29. c5 Qh6 30. h4 Qxg5 31. hxg5 dxc5 32. bxc5 Rd7 33. c6 bxc6 34. dxc6 Ra7 35. Rd6 Kg7 36. Bg4 Rc7 37. Bd7 Rb8 38. Rd5 Rb5 39. Kf2 Kf8 40. Ke3 Ke7 41. g4 Ra7 42. Kd3 Rxd5+ 43. exd5 Ra8 44. Kc3 Kd6 45. Kc4 Rh8 46. Kd3 Rb8 47. Kc4 Rb5 48. Be8 Rxd5 49. Bxf7 Rd4+ 50. Kc3 Rxg4 51. Bxg6 Rxg5 52. Be4 Rg4 53. Kd3 Rg3+ 54. Kc4 Ra3 55. Kb4 Re3 56. Bg2 Rg3 57. Bf1 Kxc6 58. Bxa6 Rg4+ 59. Kb3 Kc5 60. Be2 Rb4+ 61. Kc3 Ra4 62. a6 Ra2 63. Kb3 Ra5 64. Kc3 e4 65. Kb3 Kd4 66. Kb4 Ra2 67. Bf1 Rb2+ 68. Ka3 Rb1 69. Be2 Kc3 70. Ka2 Rb8 71. Ka3 e3 72. Ka4 Kd2 73. Bf3 Kc3 74. Ka5 Kc4 75. a7 Rb1 76. Ka6 Kc5 77. a8Q Ra1+ 78. Kb7 1/2-1/2